Aktualizácia k zákonom II/2001 úplné znenie

Saved in:
Bibliographic Details
Format: Book
Language:Slovak
Published: Žilina PORADCA 2001
Series:Aktualizácia II/2
Tags: Add Tag
No Tags, Be the first to tag this record!

MARC

LEADER 00000nam a2200000 4500
001 c124918
005 20250617074508.1
022 |a 1335-6127 
041 0 |a slo 
044 |a SK 
245 1 0 |a Aktualizácia k zákonom II/2001  |b úplné znenie 
264 1 |a Žilina  |b PORADCA  |c 2001 
300 |a 96 s. 
490 1 |a Aktualizácia  |v II/2 
830 0 |a Aktualizácia  |v II/2